Introduction to biomedical engineering (Record no. 572187)

000 -LEADER
fixed length control field 00477nam a22001817a 4500
003 - CONTROL NUMBER IDENTIFIER
control field CEME
005 - DATE AND TIME OF LATEST TRANSACTION
control field 20210628203113.0
008 - FIXED-LENGTH DATA ELEMENTS--GENERAL INFORMATION
fixed length control field 210201b xxu||||| |||| 00| 0 eng d
020 ## - INTERNATIONAL STANDARD BOOK NUMBER
International Standard Book Number 9788120334106
040 ## - CATALOGING SOURCE
Transcribing agency .
082 ## - DEWEY DECIMAL CLASSIFICATION NUMBER
Classification number 610.28 DOM
100 ## - MAIN ENTRY--PERSONAL NAME
Personal name Domach, Michael M
9 (RLIN) 34532
245 ## - TITLE STATEMENT
Title Introduction to biomedical engineering
260 ## - PUBLICATION, DISTRIBUTION, ETC.
Place of publication, distribution, etc. NEW DELHI
Name of publisher, distributor, etc. PRENTICE HALL OF INDIA
Date of publication, distribution, etc. 2004
300 ## - PHYSICAL DESCRIPTION
Extent XI, 244P
650 ## - SUBJECT ADDED ENTRY--TOPICAL TERM
Topical term or geographic name entry element BIOMEDICAL ENGINEERING.
9 (RLIN) 798
942 ## - ADDED ENTRY ELEMENTS (KOHA)
Koha item type Book
Source of classification or shelving scheme
Holdings
Withdrawn status Lost status Source of classification or shelving scheme Damaged status Not for loan Permanent Location Current Location Shelving location Date acquired Full call number Barcode Date last seen Price effective from Koha item type Public note
          College of Electrical & Mechanical Engineering (CEME) College of Electrical & Mechanical Engineering (CEME) General Stacks 07/25/2017 610.28 DOM CEME-45676 06/28/2021 06/28/2021 Book 4.0
© 2023 Central Library, National University of Sciences and Technology. All Rights Reserved.